000
00322nam a22001457a 4500
003
OSt
005
20220214092529.0
008
220214b |||||||| |||| 00| 0 eng d
020
_a
0340759690
040
_c
HU
082
_a
627.23
100
_a
Downs
_9
30331
245
_a
River Channel Management
942
_2
ddc
_c
BOOKS
_n
0
999
_c
30106
_d
30106